00442nam a2200157Ia 45000010006000000050017000060080041000230410008000640820029000721000035001012450097001362600009002333000028002426500006002706540008002762287920260414150900.0260414t2018||||xx |||||||||||||| ||spa|| aESP a624.15136bR53 V. 1 2018 aRico Rodríguez, AlfonsoeAUT 0aLa ingeniería de suelos en las vías terrestres :bcarreteras, ferrocarriles y aeropistas c2018 a459 páginas :c28 cm. a0 aCIC